Scotland takes control (Record no. 76683)

MARC details
000 -LEADER
fixed length control field 00836cab a2200193 4500
001 - CONTROL NUMBER
control field ##L132906
008 - FIXED-LENGTH DATA ELEMENTS--GENERAL INFORMATION
fixed length control field 060322n2006 000 0 eng u
035 ## - SYSTEM CONTROL NUMBER
System control number (Sirsi) u132906
041 0# - LANGUAGE CODE
Language code of text/sound track or separate title eng
100 1# - MAIN ENTRY--PERSONAL NAME
Personal name Reaney, Paul
245 00 - TITLE STATEMENT
Title Scotland takes control
260 ## - PUBLICATION, DISTRIBUTION, ETC.
Date of publication, distribution, etc. 2006
490 #0 - SERIES STATEMENT
Series statement RICS Building Surveying Faculty The Journal
Volume/sequential designation March / April 2006, 12(1)
520 ## - SUMMARY, ETC.
Summary, etc. Reports on the changes to the building control system introduced by the Building (Scotland) Act 2003. Looks at the responsibilities of the Scottish Building Standards Agency, the role of building standards verifiers, and that of certifiers of design and construction. Considers the opportunities for surveyors in the new process.
590 ## - LOCAL NOTE (RLIN)
Local note IKA280306
650 24 - SUBJECT ADDED ENTRY--TOPICAL TERM
Topical term or geographic name entry element BUILDING (SCOTLAND) ACT 2003
690 ## - LOCAL SUBJECT ADDED ENTRY--TOPICAL TERM (OCLC, RLIN)
Topical term or geographic name as entry element Building regulations
9 (RLIN) 6224
942 ## - ADDED ENTRY ELEMENTS (KOHA)
Suppress in OPAC 0
Holdings
Withdrawn status Lost status Source of classification or shelving scheme Damaged status Not for loan Home library Current library Shelving location Date acquired Total Checkouts Full call number Barcode Date last seen Copy number Price effective from Koha item type
    Dewey Decimal Classification     London London Journal article 22/03/2006   L132906 132906-1001 06/08/2019 1 06/08/2019 Journal article